000 00378nam a2200145Ia 4500
008 231129s1991||||xx |||||||||||||| ||spa||
020 _a958-14-0215-2
040 _bspa
082 _aCo863.44 V144g
100 _aValderrama Andrade Bernardo
245 0 _aEl gran jaguar
260 _c1991
264 _aPlaza y Janes
942 _2ddc
_cBKS
999 _c11170
_d11170